|
|
|
|
| LEADER |
00000nab a2200000ua 4500 |
| 001 |
vtls010818101 |
| 003 |
SK-MaSNL |
| 005 |
20260303115148.0 |
| 008 |
230127s2007 xo |||||||||||||||||cze| |
| 035 |
|
|
|a (urnnbn)urn:nbn:sk:snk:ar-a05o8c
|
| 035 |
|
|
|a urn:nbn:sk:snk-ab5m37
|
| 035 |
|
|
|a (uuid)ac0d8ab2-3a88-41e8-9953-b01af19097d3
|
| 040 |
|
|
|a SNKBUCL
|b slo
|c SNKBUCL
|e AACR2
|
| 041 |
0 |
|
|a cze
|
| 044 |
|
|
|a xo
|c SK
|
| 100 |
1 |
|
|a Bábková, Barbora
|4 aut
|9 1130366
|
| 245 |
1 |
0 |
|a NEMOCI SLZNÉHO APARÁTU
|c Barbora Bábková, Klára Marešová
|
| 700 |
1 |
|
|a Marešová, Klára
|4 aut
|9 22573
|
| 773 |
0 |
|
|t Pediatria pre prax
|g Roč. 8, č. 5 (2007), s. 256-259
|
| 954 |
|
|
|a odborná, vedecká literatúra pôvodná (slovenská)
|2 lita
|
| 954 |
|
|
|a odborná, vedecká literatúra cudzojazyčná (svetová)
|2 lita
|
| 958 |
|
|
|a OND
|
| 958 |
|
|
|a EUIPO
|
| 958 |
|
|
|a article5
|
| 999 |
|
|
|c 1902607
|d 1904537
|